000 00434pab a2200169 454500
008 180718b2009 xxu||||| |||| 00| 0 eng d
100 _aBhaduri, Amit
245 _aIndustrialisation for the people, by the people, of the people
260 _c2009
300 _ap.10-13.
362 _a3 Jan
650 _aIndustrialization
700 _aPatkar, Medha
773 _aEconomic and Political Weekly
908 _aN
909 _a80835
999 _c80835
_d80835